Регионална библиотека "Любен Каравелов" - Русе

Науката от света на диска IIІ (Запис номер 471564)

MARC детайли
000 -Лидер
Контролно поле с фиксирана дължина 01365nam a2200313 a 4500
003 - Код на организацията, давaща контролен номер
Контролно поле BLK
005 - Дата и час на последна редакция
Контролно поле 20250616163002.0
008 - Елементи от данни с фиксирана дължина
fixed length control field 180410b bul|||||r ||||||| ||bul||
020 ## - Международен стандартен номер на книга ISBN
Международен стандартен номер на книга ISBN 9789542837732
040 ## - Източник на каталожния запис
Идентификатор на билиотеката - собственик на записа BLK
041 ## - Код за език
Код за езика на текст/звукозапис или на отделно заглавие Български
Код за езика КДБФ Български
080 ## - УДК
Текстов определител УДК Английска литература
УДК код - определител по УДК 821.111
УДК определител -31
УДК - код + определител 821.111-31
100 1# - Редна дума - Автор
Автор Пратчет, Тери
Дати, свързани с автора 1948-2015
Автор - информация (биография) Писател, автор на фентъзи-романи.
Пълна форма на името Пратчет, Терънс Дейвид Джон
R(LIN) 112859
139 ## - Редно поле
Редна дума Пратчет, Тери и др.
Авторски знак Правилн - П 84
245 10 - Сведения за заглавието
Заглавие Науката от света на диска IIІ
Редно поле (дума) Тери Пратчет, Иън Стюарт и Джак Коен ; прев. от англ. Богдан Русев
Подзаглавни данни Часовникът на Дарвин
257 ## - Страна на издаване
Страна на създаване/издаване България
260 ## - Област на издателските данни
Място на издаване, разпространение и проч. София
Име на издателя, разпространителя и проч. Сиела Норма
Година на издаване 2021
9 (RLIN) 217021
Печатница Костинброд : Мултипринт
Издателство - префикс ISBN 978-954-28-
300 ## - Физическа характеристика
Страници 383 с.
Размери/Мащаб 23 см
380 ## - Жанр
Жанр Худож. лит.
500 ## - Общи забележки
Забележка Олиг. загл. The Science of Discworld III. Darwin's Watch
700 ## - Други автори (авторска отговорност)
Лично име Стюарт, Иън
9 (RLIN) 441635
700 ## - Други автори (авторска отговорност)
Лично име Коен, Джак
9 (RLIN) 441636
700 ## - Други автори (авторска отговорност)
Лично име Русев, Богдан Бориславов
Дати, свързани с автора 1975-
Автороска отговорност (Описва отношението между автора и произведението) прев. от англ.
9 (RLIN) 365584
852 ## - Местоположение
Фондова буква Основен фонд - ползва се само за читалня
856 4# - Електронен адрес и достъп
Електронен формат pdf - файл
856 4# - Електронен адрес и достъп
Електронен формат pdf - файл
942 ## - АРТИКУЛИ
Вид на библиотечния материал Книги
Скрит в OPAC Не
Koha issues (borrowed), all copies 1
944 ## - СЪЗДАВАНЕ И РЕДАКЦИЯ на ЗАПИСА
Служител, извършил регистрацията/редакцията 30576
Статус, дата на статуса Цветомила Тодорова
999 ## - СИСТЕМНИ КОНТРОЛНИ НОМЕРА
Koha biblionumber 471564
Koha biblioitemnumber 471564
Наличности
Код за отписване Код за изгубен артикул Източник на класификационната схема Код за повреда Коз за рестрикции Код за отдаване Артикулен № Име на библиотеката - собственик Име на библиотеката, в която се намира в момента Статус (Текущо местоположение) Дата на вписване в системата Местоположение - отдел Цена в лева Систематично азбучна сигнатура Баркод Цена в евро Служебен тип на артикула Инвентарен номер
  Не е изгубен Universal Decimal Classification Не е повреден без рестрикции заемане за дома 901556 Регионална библиотека "Любен Каравелов" Русе Регионална библиотека "Любен Каравелов" Русе Заемна - подръчен фонд 2022-08-24 Заемна - подръчен фонд 16.10 821-31/П 84 Т 120000874466 8.23 Книги  
  Не е изгубен Universal Decimal Classification Не е повреден само за читалня ползва се в читалня 950272 Регионална библиотека "Любен Каравелов" Русе Регионална библиотека "Любен Каравелов" Русе Хранилище 2024-10-01 Основен фонд - ползва се само за читалня 23.00 Цб 324848 120000913568 11.76 Книги 120000913568
Vip Innovations Ltd, Rousse, Bulgaria 2025